Statistics for Countries with the Same Latitude or Longitude as... #1 - Bern

Click here to take the quiz!

General Stats

  • This quiz has been taken 131 times
  • The average score is 19 of 23

Answer Stats

Answer% Correct
France
98%
France
98%
Germany
96%
Italy
96%
Italy
96%
United States
94%
Russia
93%
Austria
92%
China
92%
Ukraine
90%
Algeria
89%
Hungary
89%
Norway
86%
Mongolia
85%
Romania
82%
Niger
81%
Nigeria
81%
Kazakhstan
80%
Canada
77%
Moldova
67%
São Tomé and Príncipe
57%
Switzerland
45%
Switzerland
45%

Score Distribution

Percentile by Number Answered

Percent of People with Each Score

Your Score History

You have not taken this quiz